000 01745nam a2200253Ia 4500
999 _c51652
_d51652
001 18643
003 GE_BSU
005 20220919171228.0
008 181216s2013||||ge |||||||||||||| ||geo||
040 _cGE_BSU
041 _ageo
080 _a37 ც-77
100 _aციცაგი, ბესიკ
_911528
245 _aფიზიკური აღზრდისა და სპორტის პედაგოგიურ - ფსიქოლოგიური ასპექტები პიროვნების ფორმირების პროცესში : დისერტაცია /
_cბესიკ ციცაგი; სამეცნიერო ხელმძღვანელი ა. ქემხაძე, გურამ ჩაგანავა. ბათუმის შოთა რუსთაველის სახ-ფო უნ-ტი
264 _aბათუმი,
_c2013.
300 _a260 გვ.;
_b30 სმ.
653 _aდისერტაცია
653 _aპედაგოგიკა
653 _aფიზიკური აღზრდისა და სპორტის პედაგოგიურ-ფსიქოლოგიური ასპექტები პიროვნების ფორმირების პროცესში
700 _aქემხაძე, ა.
_eსამეცნიერო ხელმძღვანელი
_911529
700 _aჩაგანავა, გურამ
_eსამეცნიერო ხელმძღვანელი
_911530
710 _aბათუმის შოთა რუსთაველის სახ-ფო უნ-ტი
_911531
942 _cBK
_2udc